Four score years and ten; (Record no. 552063)

000 -LEADER
fixed length control field 00497cam a22001451 4500
082 ## - DEWEY DECIMAL CLASSIFICATION NUMBER
Classification number 355.009241
Author Mark BLO
-- D
100 1# - MAIN ENTRY--PERSONAL NAME
Personal name Blood, Bindon,
9 (RLIN) 49265
245 10 - TITLE STATEMENT
Title Four score years and ten;
Remainder of title Sir Bindon Blood's reminiscences,
Statement of responsibility, etc. by General Sir Bindon Blood.
260 ## - PUBLICATION, DISTRIBUTION, ETC.
Place of publication, distribution, etc. London,
Name of publisher, distributor, etc. G. Bell,
Date of publication, distribution, etc. 1933.
300 ## - PHYSICAL DESCRIPTION
Extent xii, 356 p.
Other physical details front., illus. (maps) plates, ports.
Dimensions 23 cm.
526 ## - STUDY PROGRAM INFORMATION NOTE
Program name 0
Interest level 0
Reading level 0
Title point value 355_009241000000000_BLO
650 #0 - SUBJECT ADDED ENTRY--TOPICAL TERM
Topical term or geographic name entry element Generals
Geographic subdivision Great Britain
9 (RLIN) 49266
650 #0 - SUBJECT ADDED ENTRY--TOPICAL TERM
Topical term or geographic name entry element MCE
9 (RLIN) 379
942 ## - ADDED ENTRY ELEMENTS (KOHA)
Source of classification or shelving scheme
Koha item type Book
Holdings
Withdrawn status Lost status Source of classification or shelving scheme Damaged status Not for loan Permanent Location Current Location Shelving location Date acquired Total Checkouts Full call number Barcode Date last seen Price effective from Koha item type
          Military College of Engineering (MCE) Military College of Engineering (MCE)   01/06/2015   355.009241 BLO MCE-ECF/49 01/06/2015 01/06/2015 Book
© 2023 Central Library, National University of Sciences and Technology. All Rights Reserved.